Hostos en Santo Domingo / (Record no. 131457)

MARC details
000 -LEADER
campo de control de longitud fija 00558nam a2200169 4500
001 - NÚMERO DE CONTROL
campo de control 131457
003 - IDENTIFICADOR DE NÚMERO DE CONTROL
campo de control ES-MaACL
005 - FECHA Y HORA DE LA ÚLTIMA TRANSACCIÓN
campo de control 20251004063152.0
007 - CAMPO FIJO DE DESCRIPCIÓN FÍSICA--INFORMACIÓN GENERAL
campo de control de longitud fija t|
008 - DATOS DE LONGITUD FIJA--INFORMACIÓN GENERAL
campo de control de longitud fija 070214m19391942dr r ||||1| spa d
100 1# - ENTRADA PRINCIPAL--NOMBRE DE PERSONA
Nombre de persona Rodríguez Demorizi, Emilio,
Fechas asociadas al nombre 1908-1986
9 (RLIN) 98490
245 10 - MENCIÓN DEL TÍTULO
Título Hostos en Santo Domingo /
Mención de responsabilidad, etc. Emilio Rodríguez Demorizi.
260 ## - PUBLICACIÓN, DISTRIBUCIÓN, ETC.
Lugar de publicación, distribución, etc. Ciudad Trujillo :
Nombre del editor, distribuidor, etc. [s. n.],
Fecha de publicación, distribución, etc. 1939-42 (
Fabricante Imp. J. R. Vda. García Sucs.)
300 ## - DESCRIPCIÓN FÍSICA
Extensión 2 t., 1 lám. = retr. aut. ;
Dimensiones 25 cm.
852 ## - LOCALIZACIÓN
Ubicación ES-MaACL
Número de control de estantería B-4936-37
Sublocalización o colección R.29104
Holdings
Estatus retirado Estado de pérdida Estado de daño No para préstamo Biblioteca de origen Biblioteca actual Ubicación en estantería Fecha de adquisición Fuente de adquisición Total de préstamos Signatura topográfica completa Código de barras Visto por última vez Precio de reemplazo Tipo de ítem Koha
        Biblioteca del Ateneo de Madrid Biblioteca del Ateneo de Madrid Sala Pardo Bazán 17/01/2008     B-4936-37 1136856 23/02/2023 23/02/2023 Libro impreso